NBA Facts (🐐) - Statistics

General Stats
  • This quiz has been taken 124 times
  • The average score is 3 of 7
Answers on the Grid
Answers color-coded by a green-red scale on the quiz's grid according to % correct below.
LeBron is 40
Steve Nash played on more than 2 teams
One team that won a Championship is the Jazz
Curry has won Finals MVP twice
Ray Allen is 2nd all time in 3 pointers made
Jokic Is averaging a triple double
Jordan was drafted in 1984
LeBron is in the top 10 3 pointers made.
KD is top 10 all time in 3 pointers made
according to ESPN, Kareem is number 2 all time?
Derrick Rose Has won a championship
Lebron has 3 MVPS
Curry has made under 4000 3s
Hakeem has won 1 championship
Harden has not won MVP
Vince Carter is in the top 10 3 pointers made
 
Answer Stats
Answer % Correct
LeBron is 40
81%
Steve Nash played on more than 2 teams
63%
Jokic Is averaging a triple double
44%
Jordan was drafted in 1984
41%
LeBron is in the top 10 3 pointers made.
34%
Vince Carter is in the top 10 3 pointers made
14%
according to ESPN, Kareem is number 2 all time?
11%
No matching quizzes found
Score Distribution
Percent of People with Each Score
Percentile by Number Answered
Your Score History
You have not taken this quiz